000 00609nam a2200205Ia 4500
001 13742
003 GE_BSU
008 181216s||||||||xx |||||||||||||| ||und||
040 _cGE_BSU
080 _a821.353.1-31
100 _aფანჯიკიძე,გ.
245 _aთვალი პატიოსანი
245 _cრედ.ს.ჭილაია.მხატვ.ზ.ფორჩხიძე
260 _aთბილისი
260 _bმერანი
260 _c1972
300 _a278გვ.19სმ.
653 _aთვალი პატიოსანი
942 _cBK
999 _c46889
_d46889